00000000nam##2200000za#4500
0019.642968
003CaOODSP
00520210624223943
007cr |||||||||||
008150407|2008||||xxc|||||o    f|0| 0 fre|d
040 |aCaOODSP|bfre
043 |an-cn---
0861 |aCH6-20/2008F-PDF
1101 |aCanada. |bPatrimoine canadien.
24510|aVérification interne du Programme d'aide au développement de l'industrie de l'édition / |h[ressource électronique]|c[publié par le] Bureau du dirigeant principal de la vérification et de l'évaluation, Direction des services de vérification et d'assurance.
260 |aOttawa - Ontario : |bPatrimoine canadien |cJuin 2008.
300 |a20p.|btableaux
590 |a14-06-Supp|b2014-03-21
77508|tInternal audit of Book Publishing Industry Development Program / |w(CaOODSP)9.698973
85640|ahttp://publications.gc.ca|qPDF|s212 Ko|uhttps://publications.gc.ca/collections/collection_2014/pc-ch/CH6-20-2008-fra.pdf